[Event "HUN Youth Ch U12 Boys Final"]
[Site "?"]
[Date "2013.06.23"]
[Round "3.4"]
[White "Csetneki, Mark"]
[Black "Kokeny, Norbert Adrian"]
[Result "1/2-1/2"]
[WhiteElo "1848"]
[BlackElo "1782"]
[PlyCount "67"]
[EventDate "2013.??.??"]

1. d4 d5 2. c4 c6 3. cxd5 cxd5 4. Nf3 Nc6 5. Nc3 Nf6 6. Bf4 a6 7. Ne5 e6 8.
Nxc6 bxc6 9. a3 Bd6 10. Bg3 O-O 11. e3 Bxg3 12. hxg3 Qb6 13. Bd3 g6 14. Rb1 Bd7
15. Qf3 Ne8 16. g4 f5 17. Qh3 Rf7 18. Ne2 fxg4 19. Qh6 Rg7 20. Nf4 Kf8 21. Qg5
Qd8 22. Qxg4 e5 23. Ne6+ Bxe6 24. Qxe6 e4 25. Be2 Qd7 26. Qe5 Qc7 27. Qg5 Rb8
28. O-O Rb6 29. f3 exf3 30. Rxf3+ Kg8 31. e4 Qe7 32. Qxe7 Rxe7 33. e5 Ng7 34.
g3 1/2-1/2

[Event "HUN Youth Ch U12 Boys Final"]
[Site "?"]
[Date "2013.06.23"]
[Round "3.5"]
[White "Toth, Tamas"]
[Black "Tubak, Daniel"]
[Result "1-0"]
[WhiteElo "1877"]
[BlackElo "1790"]
[PlyCount "51"]
[EventDate "2013.??.??"]

1. e4 e6 2. d4 d5 3. Nd2 c5 4. c3 Nc6 5. Ngf3 Nf6 6. e5 Nd7 7. Bd3 Be7 8. O-O
c4 9. Bc2 O-O 10. b3 b5 11. a4 cxb3 12. Nxb3 bxa4 13. Rxa4 Nb6 14. Ra1 f5 15.
exf6 Bxf6 16. Nc5 e5 17. dxe5 Nxe5 18. Nxe5 Bxe5 19. Qh5 Bf5 20. Bxf5 Rxf5 21.
Qxf5 Qc7 22. Ne6 Bxh2+ 23. Kh1 Qxc3 24. Be3 Bc7 25. Nxc7 Qxc7 26. Bxb6 1-0

[Event "HUN Youth Ch U12 Boys Final"]
[Site "?"]
[Date "2013.06.24"]
[Round "4.1"]
[White "Havasi, Gergo"]
[Black "Tubak, Daniel"]
[Result "1-0"]
[WhiteElo "2097"]
[BlackElo "1790"]
[PlyCount "95"]
[EventDate "2013.??.??"]

1. e4 e6 2. d4 d5 3. Nd2 Be7 4. Ngf3 Nf6 5. Bd3 c5 6. dxc5 dxe4 7. Nxe4 Nxe4 8.
Bxe4 Qxd1+ 9. Kxd1 Bxc5 10. Ke2 Nd7 11. Bd3 Nf6 12. Rd1 Ke7 13. Bf4 Bd7 14. Ne5
Rhd8 15. Nxd7 Rxd7 16. Bb5 Rxd1 17. Rxd1 Rd8 18. Rxd8 Kxd8 19. c3 Nd5 20. Bd2
Ke7 21. g3 Nf6 22. Be1 a6 23. Bd3 h6 24. b4 Bb6 25. c4 Bc7 26. f3 Nd7 27. c5
Ne5 28. Be4 Nc6 29. Bc3 g6 30. f4 h5 31. a4 Kd7 32. b5 axb5 33. axb5 Nd8 34.
Bf6 b6 35. c6+ Kc8 36. Kf3 e5 37. f5 gxf5 38. Bxf5+ Ne6 39. Bxe6+ fxe6 40. Ke4
Bd6 41. Bxe5 Be7 42. h3 Bg5 43. g4 hxg4 44. hxg4 Kd8 45. Bf4 Bf6 46. g5 Bg7 47.
Be5 Bf8 48. g6 1-0

[Event "HUN Youth Ch U12 Boys Final"]
[Site "?"]
[Date "2013.06.24"]
[Round "4.2"]
[White "Kokeny, Norbert Adrian"]
[Black "Toth, Tamas"]
[Result "1/2-1/2"]
[WhiteElo "1782"]
[BlackElo "1877"]
[PlyCount "41"]
[EventDate "2013.??.??"]

1. d4 d5 2. c4 c6 3. Nc3 Nf6 4. cxd5 cxd5 5. Bf4 Nc6 6. e3 Ne4 7. Rc1 a6 8. Bd3
Bf5 9. Nf3 e6 10. O-O Bd6 11. Ne5 O-O 12. Nxe4 Bxe5 13. dxe5 dxe4 14. Be2 Qa5
15. Qb3 Nxe5 16. Qxb7 Nd3 17. Bxd3 exd3 18. e4 e5 19. Bxe5 Qxe5 20. exf5 Qxf5
21. Qf3 1/2-1/2

[Event "HUN Youth Ch U12 Boys Final"]
[Site "?"]
[Date "2013.06.24"]
[Round "4.3"]
[White "Czina, Peter"]
[Black "Csetneki, Mark"]
[Result "1/2-1/2"]
[WhiteElo "1767"]
[BlackElo "1848"]
[PlyCount "61"]
[EventDate "2013.??.??"]

1. Nf3 d5 2. g3 c6 3. Bg2 Nf6 4. O-O Bg4 5. d3 Nbd7 6. c4 e6 7. cxd5 exd5 8.
Qc2 Bd6 9. e4 dxe4 10. dxe4 Bxf3 11. Bxf3 O-O 12. Nc3 Re8 13. Bg2 b5 14. Be3
Ng4 15. Qe2 Nxe3 16. Qxe3 Bc5 17. Qf4 Ne5 18. Rad1 Qb6 19. Ne2 a5 20. Kh1 b4
21. b3 a4 22. f3 axb3 23. axb3 Ra2 24. Nc1 Be3 25. Qf5 Bxc1 26. Rxc1 Nd3 27.
Qd7 Rd8 28. Rxc6 Rxd7 29. Rxb6 h6 30. Kg1 Rb2 31. Rd1 1/2-1/2

[Event "HUN Youth Ch U12 Boys Final"]
[Site "?"]
[Date "2013.06.24"]
[Round "4.4"]
[White "Matos, Balint"]
[Black "Vanczak, Tamas"]
[Result "1/2-1/2"]
[WhiteElo "1687"]
[BlackElo "1772"]
[PlyCount "63"]
[EventDate "2013.??.??"]

1. c4 c5 2. Nc3 Nf6 3. g3 g6 4. Bg2 Bg7 5. Nf3 Nc6 6. O-O O-O 7. a3 d6 8. Rb1
a5 9. d3 Bd7 10. Ne1 Ne8 11. Nc2 Nc7 12. Bd2 a4 13. b3 axb3 14. Rxb3 Qc8 15.
Qb1 Ra7 16. Qc1 Bh3 17. Nb5 Nxb5 18. Rxb5 Bxg2 19. Kxg2 Ne5 20. Bh6 Bxh6 21.
Qxh6 Qc6+ 22. f3 d5 23. Qf4 f6 24. Rfb1 g5 25. Qe3 dxc4 26. dxc4 Rc8 27. Qb3
Rc7 28. Ne3 Rd7 29. Nd5 Nxc4 30. Nxe7+ Rxe7 31. Qxc4+ Qe6 32. Qxc5 1/2-1/2

[Event "HUN Youth Ch U12 Boys Final"]
[Site "?"]
[Date "2013.06.24"]
[Round "4.5"]
[White "Kozak, Adam"]
[Black "Kovacs, Bence"]
[Result "1-0"]
[WhiteElo "2147"]
[BlackElo "1865"]
[PlyCount "71"]
[EventDate "2013.??.??"]

1. c4 Nf6 2. Nc3 d5 3. cxd5 Nxd5 4. g3 Nxc3 5. bxc3 g6 6. Bg2 Bg7 7. Rb1 c6 8.
Nf3 O-O 9. O-O Qa5 10. Qc2 Nd7 11. e4 Nb6 12. Nd4 Rd8 13. Nb3 Qa4 14. d4 Be6
15. Bg5 Rd7 16. Qc1 Bxb3 17. axb3 Qb5 18. c4 Qa5 19. Bd2 Qh5 20. d5 cxd5 21.
exd5 Rc8 22. Qa3 a6 23. Be3 Na8 24. Bf4 Nc7 25. Qa4 Rcd8 26. h4 Be5 27. g4 Qxh4
28. Bxe5 Qxg4 29. Qa1 f6 30. Bg3 h5 31. Rbe1 f5 32. Bxc7 Rxc7 33. Qe5 Rd6 34.
Qg3 Qd4 35. Re6 Rxe6 36. dxe6 1-0

[Event "HUN Youth Ch U12 Boys Final"]
[Site "?"]
[Date "2013.06.25"]
[Round "5.1"]
[White "Kovacs, Bence"]
[Black "Havasi, Gergo"]
[Result "0-1"]
[WhiteElo "1865"]
[BlackElo "2097"]
[PlyCount "88"]
[EventDate "2013.??.??"]

1. Nf3 Nf6 2. g3 g6 3. Bg2 Bg7 4. O-O O-O 5. c4 d6 6. Nc3 Nc6 7. d3 e5 8. Rb1
a5 9. a3 h6 10. b4 axb4 11. axb4 Be6 12. b5 Ne7 13. Nd2 c6 14. Nb3 Qd7 15. Re1
Nh7 16. Qc2 f5 17. e3 g5 18. Ne2 cxb5 19. Nd2 Rac8 20. Qb3 bxc4 21. dxc4 Rc7
22. Ba3 f4 23. exf4 gxf4 24. Rec1 Ng5 25. f3 Nf5 26. Nf1 fxg3 27. hxg3 e4 28.
f4 Nd4 29. Nxd4 Bxd4+ 30. Kh1 Nh3 31. Rc2 Nf2+ 32. Kh2 Ng4+ 33. Kh1 Qf7 34. Bh3
Qh5 35. Kg2 Ne3+ 36. Nxe3 Qxh3+ 37. Kf2 Qh2+ 38. Kf1 Qh1+ 39. Ke2 Qf3+ 40. Ke1
Bxe3 41. Bxd6 Qxg3+ 42. Kf1 Bh3+ 43. Ke2 Qf2+ 44. Kd1 Qf1# 0-1

[Event "HUN Youth Ch U12 Boys Final"]
[Site "?"]
[Date "2013.06.25"]
[Round "5.2"]
[White "Vanczak, Tamas"]
[Black "Kozak, Adam"]
[Result "0-1"]
[WhiteElo "1772"]
[BlackElo "2147"]
[PlyCount "58"]
[EventDate "2013.??.??"]

1. e4 e5 2. Nf3 Nc6 3. Bc4 Bc5 4. O-O Nf6 5. d4 Bxd4 6. Nxd4 Nxd4 7. f4 d6 8.
fxe5 dxe5 9. Bg5 Be6 10. Na3 Bxc4 11. Nxc4 Qe7 12. c3 Ne6 13. Bxf6 gxf6 14. Ne3
c6 15. Ng4 Nf4 16. g3 h5 17. Ne3 Rd8 18. Qf3 Nh3+ 19. Kh1 Ng5 20. Qf5 h4 21.
gxh4 Rxh4 22. Ng4 Nh7 23. Rg1 Qe6 24. Qf3 Rd2 25. Qe3 Rxb2 26. Nf2 Ng5 27. Rad1
Nxe4 28. Rg8+ Ke7 29. Nxe4 Rbxh2+ 0-1

[Event "HUN Youth Ch U12 Boys Final"]
[Site "?"]
[Date "2013.06.25"]
[Round "5.3"]
[White "Csetneki, Mark"]
[Black "Matos, Balint"]
[Result "1-0"]
[WhiteElo "1848"]
[BlackElo "1687"]
[PlyCount "83"]
[EventDate "2013.??.??"]

1. d4 d5 2. c4 Nf6 3. cxd5 Nxd5 4. e4 Nf6 5. Nc3 Nc6 6. Be3 e6 7. Bb5 Bd7 8.
Nge2 Be7 9. O-O O-O 10. h3 a6 11. Bd3 h6 12. f4 Nh7 13. d5 Nb4 14. Bc4 exd5 15.
Nxd5 Nxd5 16. Bxd5 Bb5 17. Qc2 c6 18. Bc4 Bxc4 19. Qxc4 Nf6 20. Rfd1 Qc7 21. e5
Nd7 22. Rac1 Rad8 23. Qb3 Kh8 24. Ng3 b5 25. Nf5 Rde8 26. Qd3 Nb8 27. Qb3 Nd7
28. Qc3 c5 29. Qd3 Nb8 30. Nxe7 Rxe7 31. Rxc5 Qb7 32. Rd5 Ree8 33. Bc5 Rg8 34.
Rd6 Rc8 35. Be3 Rgf8 36. f5 Nc6 37. Qe4 Qa8 38. Qh4 Kg8 39. Rxh6 gxh6 40. f6
Ne7 41. Qxh6 Nf5 42. Qg5+ 1-0

[Event "HUN Youth Ch U12 Boys Final"]
[Site "?"]
[Date "2013.06.25"]
[Round "5.4"]
[White "Toth, Tamas"]
[Black "Czina, Peter"]
[Result "0-1"]
[WhiteElo "1877"]
[BlackElo "1767"]
[PlyCount "118"]
[EventDate "2013.??.??"]

1. e4 c5 2. Nf3 Nc6 3. d4 cxd4 4. Nxd4 g6 5. Nc3 Bg7 6. Be3 Nf6 7. Nxc6 bxc6 8.
e5 Nd5 9. Nxd5 cxd5 10. Qxd5 Rb8 11. O-O-O Bb7 12. Qd4 e6 13. Bb5 Bd5 14. Ba4
Qc7 15. f4 Bf8 16. Bb3 Bxb3 17. axb3 Rc8 18. Rd2 Bc5 19. Qxc5 Qxc5 20. Bxc5
Rxc5 21. Rhd1 Rc7 22. c4 Ke7 23. Kc2 a5 24. Ra1 Ra8 25. Ra4 Rb7 26. Rd1 Rab8
27. Rd3 Ra8 28. g4 Kf8 29. c5 Rb5 30. Rc4 Ra7 31. c6 dxc6 32. Rxc6 Rab7 33.
Rc8+ Ke7 34. Rdc3 Kd7 35. R8c4 Rb4 36. Rxb4 Rxb4 37. Rc4 Rb5 38. Kc3 Rd5 39.
Rd4 Kc6 40. Rxd5 Kxd5 41. b4 a4 42. b5 Kc5 43. b6 a3 44. bxa3 Kxb6 45. Kb4 Kc6
46. a4 Kb6 47. a5+ Ka6 48. Kc5 Kxa5 49. Kd6 Kb5 50. Ke7 Kc6 51. Kxf7 Kd7 52.
Kf6 h6 53. Kxg6 Ke7 54. Kxh6 Kf8 55. f5 exf5 56. gxf5 Kg8 57. e6 Kf8 58. Kg6
Ke8 59. h4 Kf8 0-1

[Event "HUN Youth Ch U12 Boys Final"]
[Site "?"]
[Date "2013.06.25"]
[Round "5.5"]
[White "Tubak, Daniel"]
[Black "Kokeny, Norbert Adrian"]
[Result "1/2-1/2"]
[WhiteElo "1790"]
[BlackElo "1782"]
[PlyCount "91"]
[EventDate "2013.??.??"]

1. e4 e6 2. d4 d5 3. Nc3 Bb4 4. e5 c5 5. a3 Bxc3+ 6. bxc3 Ne7 7. Qg4 Kf8 8. Nf3
Qa5 9. Bd2 Qa4 10. Bd3 b6 11. O-O Ba6 12. Ng5 Bxd3 13. cxd3 h6 14. Qh5 g6 15.
Qh4 Nf5 16. Nxe6+ Kg8 17. Qd8+ Kh7 18. Nf8+ Kg7 19. Qf6+ Kg8 20. e6 Qe8 21. Nd7
Nxd7 22. exd7 Qxd7 23. dxc5 bxc5 24. Rae1 Kh7 25. g4 Ng7 26. Qh4 h5 27. gxh5
Nxh5 28. Re7 Qf5 29. Rfe1 Kg7 30. Qg5 Qxg5+ 31. Bxg5 Rhb8 32. Rd7 Rb3 33. Ree7
Rxc3 34. Rxd5 Rxa3 35. Rxc5 Rxd3 36. Rcc7 Rf3 37. Rxa7 Rc8 38. Rac7 Ra8 39. Be3
Rf5 40. Bd4+ Kg8 41. Re5 Rxe5 42. Bxe5 Ng7 43. Kg2 Re8 44. Bxg7 Kxg7 45. Kg3
Re1 46. Kg2 1/2-1/2

[Event "HUN Youth Ch U12 Boys Final"]
[Site "?"]
[Date "2013.06.26"]
[Round "6.1"]
[White "Havasi, Gergo"]
[Black "Kokeny, Norbert Adrian"]
[Result "1-0"]
[WhiteElo "2097"]
[BlackElo "1782"]
[PlyCount "71"]
[EventDate "2013.??.??"]

1. e4 e6 2. d4 d5 3. Nd2 Be7 4. Ngf3 Nf6 5. Bd3 c5 6. exd5 Nxd5 7. dxc5 Bxc5 8.
O-O Nc6 9. a3 a5 10. Ne4 Be7 11. c4 Nf6 12. Bf4 O-O 13. Qc2 Nh5 14. Be3 f5 15.
Nc3 e5 16. Be2 Qe8 17. Nd5 Bd8 18. Bc5 Rf7 19. Nxe5 Nf4 20. Nxf4 Qxe5 21. Nd3
Qf6 22. Bf3 Bc7 23. Rfe1 Be6 24. Rxe6 Qxe6 25. Bd5 Qh6 26. h3 Rd8 27. Re1 f4
28. Qe2 g5 29. Qg4 Kg7 30. Bxf7 Kxf7 31. Qf5+ Kg7 32. Be7 Nd4 33. Qe4 Rd7 34.
Nc5 Rd6 35. Bxd6 Qxd6 36. Qxd4+ 1-0

[Event "HUN Youth Ch U12 Boys Final"]
[Site "?"]
[Date "2013.06.26"]
[Round "6.2"]
[White "Czina, Peter"]
[Black "Tubak, Daniel"]
[Result "1-0"]
[WhiteElo "1767"]
[BlackElo "1790"]
[PlyCount "113"]
[EventDate "2013.??.??"]

1. Nf3 g6 2. g3 Bg7 3. Bg2 e5 4. d3 d5 5. O-O Nc6 6. c4 Nge7 7. Nc3 d4 8. Na4
O-O 9. Rb1 a5 10. a3 Rb8 11. b4 axb4 12. axb4 b6 13. b5 Na5 14. Bd2 Nb7 15. Bb4
Be6 16. Ng5 Bd7 17. Ne4 f5 18. Ng5 h6 19. Nf3 Bc8 20. c5 bxc5 21. Nxc5 Nxc5 22.
Bxc5 Bb7 23. Qb3+ Kh7 24. Qe6 Bxf3 25. Bxe7 Re8 26. Bxd8 Rxe6 27. Bxc7 Rc8 28.
Bxf3 Rxc7 29. b6 Rc8 30. b7 Rb8 31. Rfc1 Ree8 32. Bc6 Red8 33. Ra1 Bf8 34. Ra8
Bd6 35. Bd5 Kg7 36. Rc8 Rf8 37. Kf1 Rh8 38. Bc6 Rf8 39. Raxb8 Bxb8 40. Be8 Bd6
41. b8=Q Bxb8 42. Rxb8 Rf6 43. Rb7+ Kf8 44. Bb5 g5 45. Kg2 g4 46. h3 Rg6 47.
Bd7 gxh3+ 48. Kxh3 Rf6 49. Rb5 Ke7 50. Bc8 Kd8 51. Bb7 Re6 52. f3 Ke7 53. g4 f4
54. Be4 Kf6 55. Rc5 Re7 56. Rc6+ Kg7 57. Rg6+ 1-0

[Event "HUN Youth Ch U12 Boys Final"]
[Site "?"]
[Date "2013.06.26"]
[Round "6.3"]
[White "Matos, Balint"]
[Black "Toth, Tamas"]
[Result "0-1"]
[WhiteElo "1687"]
[BlackElo "1877"]
[PlyCount "106"]
[EventDate "2013.??.??"]

1. c4 e5 2. Nc3 Nf6 3. g3 c6 4. Bg2 d5 5. cxd5 cxd5 6. d3 Nc6 7. Nf3 d4 8. Nb1
Be6 9. O-O Be7 10. Bg5 h6 11. Bxf6 Bxf6 12. Nbd2 O-O 13. b3 Rc8 14. Rc1 Be7 15.
Nc4 f6 16. Ne1 b5 17. Nd2 Nb4 18. Rxc8 Qxc8 19. Qa1 Qc3 20. Nef3 Rc8 21. Qb1
Qc2 22. a3 Nd5 23. Kh1 Bxa3 24. Qa1 Bb4 25. Qa6 Rc6 26. Qxb5 Qc5 27. Qxc5 Rxc5
28. Nc4 Nb6 29. Ra1 Nxc4 30. bxc4 a5 31. Ne1 Rc8 32. Nc2 Kf8 33. h4 Rb8 34.
Nxb4 axb4 35. Bc6 Ke7 36. Kh2 Kd6 37. Bb5 Rxb5 38. Ra6+ Kc5 39. cxb5 Bd5 40. b6
b3 41. Ra5+ Kxb6 42. Ra1 Kb5 43. f4 Kb4 44. fxe5 fxe5 45. Kg1 b2 46. Rb1 Kc3
47. Kf2 Kc2 48. Rxb2+ Kxb2 49. e3 Kc2 50. Ke2 Kc3 51. g4 Be6 52. g5 hxg5 53.
hxg5 Bg4+ 0-1

[Event "HUN Youth Ch U12 Boys Final"]
[Site "?"]
[Date "2013.06.26"]
[Round "6.4"]
[White "Kozak, Adam"]
[Black "Csetneki, Mark"]
[Result "1-0"]
[WhiteElo "2147"]
[BlackElo "1848"]
[PlyCount "69"]
[EventDate "2013.??.??"]

1. d4 d5 2. c4 c6 3. Nf3 Nf6 4. Nc3 dxc4 5. a4 Bf5 6. Ne5 Nbd7 7. Nxc4 Qc7 8.
g3 Nd5 9. Bg2 Nxc3 10. bxc3 Nf6 11. Bf4 Qd8 12. Qb3 Qc8 13. Na5 Be4 14. f3 b6
15. fxe4 bxa5 16. O-O e6 17. Rab1 Nd7 18. d5 Bc5+ 19. Kh1 e5 20. Bd2 O-O 21.
Bh3 Rb8 22. Qa2 Qc7 23. Rxb8 Nxb8 24. Rb1 Nd7 25. c4 Nf6 26. Bg2 Ng4 27. h3 Nf6
28. Qb2 Bb6 29. c5 Bxc5 30. Rc1 cxd5 31. Qb5 Rc8 32. Bxa5 Qd6 33. Bb4 Nd7 34.
exd5 Rb8 35. Bxc5 1-0

[Event "HUN Youth Ch U12 Boys Final"]
[Site "?"]
[Date "2013.06.26"]
[Round "6.5"]
[White "Kovacs, Bence"]
[Black "Vanczak, Tamas"]
[Result "1-0"]
[WhiteElo "1865"]
[BlackElo "1772"]
[PlyCount "55"]
[EventDate "2013.??.??"]

1. e4 c5 2. Nf3 d6 3. d4 cxd4 4. Nxd4 Nf6 5. Nc3 a6 6. Bg5 e6 7. f4 Be7 8. Qf3
Nbd7 9. O-O-O O-O 10. g4 Qc7 11. Bxf6 Nxf6 12. g5 Ne8 13. f5 Bxg5+ 14. Kb1 Bf6
15. Qh5 b5 16. Bh3 Qc5 17. Nb3 Qe5 18. Nd4 Bb7 19. Nf3 Qc5 20. e5 Bxe5 21. Nxe5
Nf6 22. Qg5 dxe5 23. Rhg1 Ne8 24. fxe6 f6 25. Qh5 f5 26. Bxf5 Nf6 27. Qg5 Qe7
28. Rd7 1-0

[Event "HUN Youth Ch U12 Boys Final"]
[Site "?"]
[Date "2013.06.27"]
[Round "7.1"]
[White "Vanczak, Tamas"]
[Black "Havasi, Gergo"]
[Result "1-0"]
[WhiteElo "1772"]
[BlackElo "2097"]
[PlyCount "69"]
[EventDate "2013.??.??"]

1. e4 c5 2. Nf3 d6 3. d4 cxd4 4. Nxd4 Nf6 5. Nc3 a6 6. Bc4 e6 7. Bb3 b5 8. Qe2
Qb6 9. Be3 Qb7 10. f3 Be7 11. g4 Nfd7 12. g5 Nc5 13. Rg1 b4 14. Nb1 O-O 15. Nd2
a5 16. Bc4 a4 17. f4 d5 18. exd5 exd5 19. Bd3 Nxd3+ 20. Qxd3 Na6 21. f5 Nc5 22.
Qe2 Re8 23. O-O-O Bf8 24. Qf2 Bd7 25. g6 Rec8 26. Kb1 Be8 27. gxh7+ Kh8 28. f6
g6 29. Qh4 Qa6 30. Rdf1 Nd7 31. Bh6 Bxh6 32. Qxh6 Nxf6 33. Nf5 Nh5 34. Qf8+
Kxh7 35. Qh6+ 1-0

[Event "HUN Youth Ch U12 Boys Final"]
[Site "?"]
[Date "2013.06.27"]
[Round "7.2"]
[White "Csetneki, Mark"]
[Black "Kovacs, Bence"]
[Result "1-0"]
[WhiteElo "1848"]
[BlackElo "1865"]
[PlyCount "55"]
[EventDate "2013.??.??"]

1. d4 Nf6 2. c4 g6 3. Nc3 d5 4. Nf3 Bg7 5. e3 O-O 6. cxd5 Nxd5 7. Bc4 Nb6 8.
Bb3 c5 9. O-O c4 10. Bc2 Nc6 11. h3 e5 12. dxe5 Nxe5 13. Qe2 Qe7 14. Nd4 Bd7
15. Be4 Be6 16. f4 Nd3 17. Nxe6 Nxc1 18. Raxc1 fxe6 19. Qf3 Rab8 20. Rfd1 Nc8
21. Nb5 a6 22. Nd4 Nd6 23. b3 cxb3 24. axb3 Nf5 25. Nxe6 Rfe8 26. Rc7 Qf6 27.
Bxf5 gxf5 28. Nxg7 1-0

[Event "HUN Youth Ch U12 Boys Final"]
[Site "?"]
[Date "2013.06.27"]
[Round "7.3"]
[White "Toth, Tamas"]
[Black "Kozak, Adam"]
[Result "0-1"]
[WhiteElo "1877"]
[BlackElo "2147"]
[PlyCount "78"]
[EventDate "2013.??.??"]

1. e4 e5 2. Nf3 Nc6 3. d4 exd4 4. Nxd4 Bc5 5. Nb3 Bb6 6. a4 a6 7. Nc3 d6 8. Nd5
Ba7 9. Qf3 Be6 10. Be3 Bxe3 11. Qxe3 Nf6 12. Nd4 Nxd4 13. Qxd4 Bxd5 14. exd5
O-O 15. O-O-O Re8 16. f3 Re5 17. Bc4 b5 18. Bb3 Qe7 19. Rd2 Nd7 20. a5 Nc5 21.
Ba2 Re1+ 22. Rxe1 Qxe1+ 23. Rd1 Qxa5 24. Bb1 Qa4 25. Qe3 Qh4 26. h3 h6 27. f4
a5 28. Re1 Nd7 29. c3 Nf6 30. Rd1 Re8 31. Qf3 Re1 32. Bf5 Re7 33. Kc2 Qh5 34.
Bg4 Qg6+ 35. f5 Qg5 36. Qd3 b4 37. Qd2 Qxd2+ 38. Rxd2 bxc3 39. Kxc3 Ne4+ 0-1

[Event "HUN Youth Ch U12 Boys Final"]
[Site "?"]
[Date "2013.06.27"]
[Round "7.4"]
[White "Tubak, Daniel"]
[Black "Matos, Balint"]
[Result "1-0"]
[WhiteElo "1790"]
[BlackElo "1687"]
[PlyCount "120"]
[EventDate "2013.??.??"]

1. e4 c5 2. Nf3 Nc6 3. Nc3 g6 4. h4 d6 5. h5 Bg7 6. Bc4 Nf6 7. h6 Bf8 8. d3 a6
9. Bg5 Bg4 10. Bxf6 exf6 11. Qd2 Ne5 12. Nxe5 fxe5 13. f3 Bd7 14. O-O-O Be7 15.
Kb1 Bg5 16. Qf2 b5 17. Bd5 Rb8 18. g3 b4 19. Ne2 O-O 20. f4 Bf6 21. f5 Kh8 22.
g4 Bg5 23. Ng1 Be6 24. Bb3 Bxb3 25. axb3 a5 26. Nf3 Bf4 27. d4 cxd4 28. Nxd4
Qb6 29. Qf3 Bg5 30. Ne2 Qc6 31. Qd3 Rbc8 32. fxg6 hxg6 33. Ng1 a4 34. Nh3 axb3
35. Qxb3 Be3 36. Rhe1 Bd4 37. Ng5 Rc7 38. Rf1 Qe8 39. Qf3 Qe7 40. Qf6+ Qxf6 41.
Rxf6 Be3 42. Ne6 Rcc8 43. Nxf8 Rxf8 44. Rfxd6 Bxh6 45. Rd8 Kg7 46. Rxf8 Kxf8
47. Rd5 Bf4 48. Rb5 Kg7 49. Rxb4 Kh6 50. c4 Kg5 51. c5 Kxg4 52. c6 Bd2 53. Rb5
f5 54. c7 f4 55. c8=Q+ Kg3 56. Rxe5 f3 57. Qg8 f2 58. Qxg6+ Kf3 59. Rf5+ Bf4
60. Rxf4+ Kxf4 1-0

[Event "HUN Youth Ch U12 Boys Final"]
[Site "?"]
[Date "2013.06.27"]
[Round "7.5"]
[White "Kokeny, Norbert Adrian"]
[Black "Czina, Peter"]
[Result "1/2-1/2"]
[WhiteElo "1782"]
[BlackElo "1767"]
[PlyCount "140"]
[EventDate "2013.??.??"]

1. d4 Nf6 2. c4 c5 3. d5 g6 4. Nc3 Bg7 5. e4 d6 6. f4 O-O 7. Nf3 a6 8. Bd3 b5
9. Bd2 bxc4 10. Bxc4 Bg4 11. O-O Nbd7 12. h3 Bxf3 13. Qxf3 Qc7 14. Qd3 Nb6 15.
b3 Nxc4 16. Qxc4 Nd7 17. Rac1 Nb6 18. Qe2 Rfc8 19. Nd1 Qb7 20. Ne3 Rcb8 21. Nc4
Nxc4 22. Rxc4 Qb5 23. Rfc1 a5 24. Qe1 Rb7 25. Ra4 Rba7 26. Qf1 Bd4+ 27. Kh2
Qxf1 28. Rxf1 h5 29. g4 hxg4 30. hxg4 Kg7 31. Rf3 f6 32. Rh3 Rc8 33. Kg2 Raa8
34. Rc4 Bb2 35. Rh1 Ba3 36. Rc3 Rh8 37. Rch3 Rxh3 38. Rxh3 Bb4 39. Rd3 a4 40.
Bxb4 cxb4 41. Rd4 axb3 42. axb3 Rb8 43. Rc4 Kf7 44. Kf3 Rb7 45. Ke3 e6 46.
dxe6+ Kxe6 47. Kd4 g5 48. fxg5 fxg5 49. Rc8 Kd7 50. Rh8 Rb5 51. Rf8 Rc5 52. Rb8
Rc3 53. Rxb4 Rg3 54. Kd5 Rd3+ 55. Kc4 Rg3 56. Ra4 Rxg4 57. Kd5 Rg3 58. Ra7+ Kc8
59. Kxd6 Rxb3 60. e5 Rb6+ 61. Kc5 Rh6 62. Rg7 Kd8 63. Kd5 Ra6 64. e6 Ra1 65.
Ke5 Re1+ 66. Kf6 Rf1+ 67. Kg6 Re1 68. Kf7 Rf1+ 69. Kg8 Re1 70. Kf7 Rf1+ 1/2-1/2

[Event "HUN Youth Ch U12 Boys Final"]
[Site "?"]
[Date "2013.06.28"]
[Round "8.1"]
[White "Havasi, Gergo"]
[Black "Czina, Peter"]
[Result "1-0"]
[WhiteElo "2097"]
[BlackElo "1767"]
[PlyCount "73"]
[EventDate "2013.??.??"]

1. e4 c5 2. Nf3 Nc6 3. d4 cxd4 4. Nxd4 g6 5. c4 Nf6 6. Nc3 Nxd4 7. Qxd4 d6 8.
Be2 Bg7 9. Be3 O-O 10. Qd2 a5 11. O-O a4 12. Rfc1 Be6 13. Rab1 Qa5 14. b4 axb3
15. axb3 Qb4 16. Qc2 Rfc8 17. f4 Bd7 18. Bd2 Qb6+ 19. Kh1 Bc6 20. Rf1 Qd4 21.
Bf3 b5 22. e5 dxe5 23. Nxb5 Qc5 24. fxe5 Qxe5 25. Rbe1 Qc5 26. b4 Qb6 27. Be3
Qb7 28. Bc5 Bxf3 29. Rxf3 Re8 30. Qe2 Qd7 31. Rd3 Qf5 32. Nc7 Red8 33. Rf3 Qe4
34. Qf1 Qc2 35. Nxa8 Rxa8 36. Bxe7 Ne4 37. Rc1 1-0

[Event "HUN Youth Ch U12 Boys Final"]
[Site "?"]
[Date "2013.06.28"]
[Round "8.2"]
[White "Matos, Balint"]
[Black "Kokeny, Norbert Adrian"]
[Result "0-1"]
[WhiteElo "1687"]
[BlackElo "1782"]
[PlyCount "52"]
[EventDate "2013.??.??"]

1. c4 c6 2. Nc3 Nf6 3. d4 d5 4. Nf3 a6 5. c5 g6 6. Bf4 Bg7 7. e3 Bg4 8. Be2 O-O
9. O-O Nbd7 10. b4 Nh5 11. Bg3 Nxg3 12. hxg3 e5 13. a4 f5 14. b5 Bxf3 15. gxf3
exd4 16. exd4 axb5 17. axb5 Rxa1 18. Qxa1 Bxd4 19. Qc1 Qc7 20. Kg2 Bxc5 21.
bxc6 bxc6 22. Na4 Be7 23. Nc3 Qe5 24. Re1 Bb4 25. Bd3 Qxc3 26. Qxc3 Bxc3 0-1

[Event "HUN Youth Ch U12 Boys Final"]
[Site "?"]
[Date "2013.06.28"]
[Round "8.3"]
[White "Kozak, Adam"]
[Black "Tubak, Daniel"]
[Result "1-0"]
[WhiteElo "2147"]
[BlackElo "1790"]
[PlyCount "75"]
[EventDate "2013.??.??"]

1. d4 Nf6 2. c4 g6 3. Nc3 Bg7 4. e4 d6 5. Nf3 O-O 6. Be2 e5 7. O-O Nc6 8. d5
Ne7 9. Ne1 Nd7 10. Be3 f5 11. f3 f4 12. Bf2 g5 13. Nd3 Rf6 14. c5 Rh6 15. Rc1
Qe8 16. Re1 Qh5 17. h3 Nf6 18. Bf1 g4 19. fxg4 Bxg4 20. Be2 Bxe2 21. Qxe2 Qg5
22. Qf3 Nh5 23. Qg4 Qf6 24. Bh4 Qf7 25. Nb5 Rg6 26. Qf3 Ng3 27. Nxc7 Rc8 28.
cxd6 Rxd6 29. Bxg3 fxg3 30. Qxf7+ Kxf7 31. Rf1+ Kg8 32. Ne6 Rxc1 33. Rxc1 Bf6
34. Rf1 Bg7 35. Rf3 Nxd5 36. Nxg7 Kxg7 37. exd5 Rxd5 38. Rxg3+ 1-0

[Event "HUN Youth Ch U12 Boys Final"]
[Site "?"]
[Date "2013.06.28"]
[Round "8.4"]
[White "Kovacs, Bence"]
[Black "Toth, Tamas"]
[Result "0-1"]
[WhiteElo "1865"]
[BlackElo "1877"]
[PlyCount "64"]
[EventDate "2013.??.??"]

1. e4 c5 2. Nf3 d6 3. d4 cxd4 4. Qxd4 Nc6 5. Bb5 Bd7 6. Bxc6 Bxc6 7. Nc3 Nf6 8.
Bg5 Nd7 9. O-O-O Qb6 10. Qd2 g6 11. h4 h5 12. Be3 Qa5 13. Kb1 Bg7 14. Bd4 Nf6
15. Qg5 e5 16. Ne2 Ng4 17. Bc3 Qc7 18. Qd2 Nxf2 19. Qe3 Nxh1 20. Rxh1 Qb6 21.
Qd3 Bb5 22. Qd2 Bh6 23. Qe1 Qe3 24. Ng3 Qxe1+ 25. Rxe1 Bf4 26. Ne2 Bxe2 27.
Rxe2 Ke7 28. Nd2 Bxd2 29. Rxd2 Rac8 30. Rd5 Rc4 31. Rb5 b6 32. Rb4 Rhc8 0-1

[Event "HUN Youth Ch U12 Boys Final"]
[Site "?"]
[Date "2013.06.28"]
[Round "8.5"]
[White "Vanczak, Tamas"]
[Black "Csetneki, Mark"]
[Result "1-0"]
[WhiteElo "1772"]
[BlackElo "1848"]
[PlyCount "73"]
[EventDate "2013.??.??"]

1. e4 e5 2. Nf3 Nc6 3. Bc4 Bc5 4. O-O d6 5. c3 Bb6 6. Bb3 Nf6 7. d3 O-O 8. h3
h6 9. Nbd2 a6 10. Re1 Nh7 11. Nf1 Na5 12. Bc2 f5 13. b4 Nc6 14. Bb3+ Kh8 15.
Be3 Ba7 16. Bxa7 Nxa7 17. Ne3 f4 18. Nc2 Qf6 19. d4 Nc6 20. a4 Ng5 21. Nxg5
Qxg5 22. Qf3 Qf6 23. b5 Ne7 24. dxe5 dxe5 25. Nb4 g5 26. bxa6 bxa6 27. Rad1 c6
28. Rd3 Qg6 29. g4 Rb8 30. a5 h5 31. Kg2 Ng8 32. Bxg8 Kxg8 33. Red1 hxg4 34.
hxg4 c5 35. Rd6 Rf6 36. Nd5 Bxg4 37. Nxf6+ 1-0